A képviselőválasztás
Elmentve itt :
| Dokumentumtípus: | Cikk |
|---|---|
| Megjelent: |
1918-06-29
|
| Sorozat: | Délmagyarország
7 No. 146 |
| Kulcsszavak: | Pálfy József, Végman Ferenc, Back Bernát, Becsey Károly, Pálfy Dániel, Somogyi Szilveszter, Képviselőválasztás Szeged 1918 |
| Online Access: | http://dmarchiv.bibl.u-szeged.hu/44079 |
| LEADER | 00512nab a2200145 i 4500 | ||
|---|---|---|---|
| 001 | delm44079 | ||
| 005 | 20180927131941.0 | ||
| 008 | 180927s1918 hu o 0|| hun d | ||
| 040 | |a SZTE Délmagyarország Archívum |b hun | ||
| 041 | |a hun | ||
| 245 | 0 | 2 | |a A képviselőválasztás |h [elektronikus dokumentum] |
| 260 | |c 1918-06-29 | ||
| 300 | |a 3 | ||
| 490 | 0 | |a Délmagyarország |v 7 No. 146 | |
| 695 | |a Pálfy József, Végman Ferenc, Back Bernát, Becsey Károly, Pálfy Dániel, Somogyi Szilveszter, Képviselőválasztás Szeged 1918 | ||